Biblioteca ESET

A los cuatro gritos / (Registro nro. 864)

Detalles MARC
000 -CABECERA
fixed length control field 00932nam a22003011a 4500
001 - NUMERO DE CONTROL
control field 000510908
003 - CONTROL NUMBER IDENTIFIER
control field AR-BeUNQ
005 - FECHA Y HORA DE LA ULTIMA TRANSACCION
control field 20230905174345.0
007 - CAMPO FIJO DE DESCRIPCION FIJA - INFORMACION GENERAL
fixed length control field ta
008 - ELEMENTOS DE LONGITUD FIJA-INFORMACION GENERAL
fixed length control field 230905s1990 ag gr 001 p spa
015 ## - NATIONAL BIBLIOGRAPHY NUMBER
National bibliography number AR-1990
020 ## - NUMERO INTERNACIONAL NORMALIZADO PARA LIBROS
Número Internacional Normalizado del libro 9506940908
040 ## - FUENTE DE CATALOGACION
Agencia de catalogación original AR-BaBN
Idioma de catalogación ESPAÑOL
Agencia que realiza la transcripción AR-BaBN
Convenciones de la descripción aacr
Agencia que realiza la modificación AR-BeUNQ
044 ## - COUNTRY OF PUBLISHING/PRODUCING ENTITY CODE
MARC country code ag
ISO country code ar-c
082 ## - NUMERO DE CLASIFICACION DECIMAL DEWEYMBER
Número de clasificación Es 861
Número de la edición 21
100 1# - ASIENTO PRINCIPAL-NOMBRE PERSONAL
Nombre personal Gallardo, José Carlos
Fecha asociada al nombre 1925-2008
245 10 - MENCION DE TITULO
Título A los cuatro gritos /
Mención de responsabilidad, etc José Carlos Gallardo.
246 30 - FORMA VARIANTE DEL TITULO
Título propiamente dicho/forma breve del título A los 4 gritos
250 ## - MENCION DE EDICION
Mención de edición 1a ed.
260 ## - PUBLICACION, DISTRIBUCION, ETC.
Lugar de publicación, distribución, etc. Buenos Aires :
Nombre del editor, distribuidor, etc. Grupo Editor Latinoamericano,
Fecha de publicación, distribución, etc 1990.
300 ## - DESCRIPCION FISICA
Extensión 83 p. ;
Dimensiones 20 cm.
490 1# - MENCION DE SERIE
Mención de serie Escritura de Hoy (Grupo Editor Latinoamericano)
650 #7 - ASIENTO SECUNDARIO DE MATERIA - TERMINO TEMATICO
Término temático o nombre geográfico como elemento de entrada Literatura española
Fuente del encabezamiento o términ tell
650 #7 - ASIENTO SECUNDARIO DE MATERIA - TERMINO TEMATICO
Término temático o nombre geográfico como elemento de entrada Poesía
Fuente del encabezamiento o términ tell
830 #0 - ASIENTO SECUNDARIO DE SERIE--TITULO UNIFORME
Título uniforme Escritura de Hoy (Grupo Editor Latinoamericano)
929 ## - DATOS DE ADQUISICION
Procedencia DONACION
Proveedor Biblioteca Mariano Moreno (Bernal)
Precio 200,00
Patrimonio UNQ PAT0080479
Es copia 1
Número de inventario 60688
942 ## - ELEMENTOS DE PUNTO DE ACCESO ADICIONAL (KOHA)
Tipo de ítem Koha Libros
Source of classification or shelving scheme
Existencias
Estado de retiro Estado de pérdida Ubicación permanente Ubicación actual Ubicación en estantería Fecha de ingreso Signatura topográfica completa Inventario Date last seen Número de copia Tipo de ítem Koha Operador
    Biblioteca ESET - UNQ Biblioteca ESET - UNQ CIRCULACION 05/09/2023 Es 861 GAL 60688 05/09/2023 1 Libros GS

ESET UNQ

☏ 4365-7188
 Avenida República de Francia 1714 entre Doctor Kenny y Concordia, Ezpeleta, Bs As.
✉ secretaria_eset@unq.edu.ar

Con tecnología Koha